Cálculo: trascendentes tempranas (Registro nro. 1449)
[ vista simple ]
| 000 -Cabecera | |
|---|---|
| Campo de control de longitud fija | 00833aam a2200361 4500 |
| 005 - Fecha y hora de la última transacción | |
| Campo de control | 20251114145942.0 |
| 008 - Elementos de longitud fija--Información general | |
| Campo de control de longitud fija | 150623b2002 xxu||||| |||| 00| 0 spa d |
| 020 ## - International Standard Book Number | |
| Número Internacional Estándar del Libro (ISBN) | 9706861270 |
| 041 ## - Idioma | |
| Código de idioma | Español |
| 082 ## - Clasificación Decimal Dewey | |
| Número de clasificación | 515 S849c4 |
| 100 ## - Entrada principal--Autor personal | |
| Nombre personal | Stewart, James |
| 9 (RLIN) | 26259 |
| 245 ## - Título propiamente dicho | |
| Título | Cálculo: trascendentes tempranas |
| 250 ## - Edición | |
| Mención de edición | 4 edición |
| 260 ## - Pie de imprenta | |
| Lugar de publicación, distribución, etc. | Colombia |
| 260 ## - Pie de imprenta | |
| Nombre del editor, distribuidor, etc. | Thomson |
| 260 ## - Pie de imprenta | |
| Fecha de publicación, distribución, etc. | 2002 |
| 300 ## - Descripción física | |
| Extensión | 1151 páginas |
| 490 ## - Serie | |
| Título de la Serie | Big Data |
| 490 ## - Serie | |
| Título de la Serie | Electrónica |
| 490 ## - Serie | |
| Título de la Serie | Gestión de Calidad |
| 490 ## - Serie | |
| Título de la Serie | Tecnologías de la Información |
| 650 #0 - Materia general | |
| Temática (materia general) | CÁLCULO |
| 650 #0 - Materia general | |
| Temática (materia general) | DERIVADAS |
| 650 #0 - Materia general | |
| Temática (materia general) | ECUACIONES |
| 650 #0 - Materia general | |
| Temática (materia general) | VECTORES |
| 650 #0 - Materia general | |
| Temática (materia general) | ECUACIONES DIFERENCIALES |
| 650 #0 - Materia general | |
| Temática (materia general) | FUNCIONES |
| 942 ## - Punto de acceso adicional KOHA | |
| Tipo de ítem KOHA | Libro |
| Fuente del sistema de clasificación o colocación | Dewey Decimal Classification |
| Signatura completa | Código de barras | Programa Académico | Tipo de ítem |
|---|---|---|---|
| 515 S849c4 | 10498 | Libro |